Effective Organisational Communication; (Record no. 2422)

MARC details
000 -LEADER
fixed length control field 00584nam a22001937a 4500
003 - CONTROL NUMBER IDENTIFIER
control field OSt
005 - DATE AND TIME OF LATEST TRANSACTION
control field 20151104152003.0
008 - FIXED-LENGTH DATA ELEMENTS--GENERAL INFORMATION
fixed length control field 151104b xxu||||| |||| 00| 0 eng d
020 ## - INTERNATIONAL STANDARD BOOK NUMBER
International Standard Book Number 9780273713753;
040 ## - CATALOGING SOURCE
Transcribing agency DDC;
082 ## - DEWEY DECIMAL CLASSIFICATION NUMBER
Classification number 688.45;
Item number BLU,2008;
100 ## - MAIN ENTRY--PERSONAL NAME
Personal name Blundel,Richard; Ippolito,Kate;
9 (RLIN) 5990
245 ## - TITLE STATEMENT
Title Effective Organisational Communication;
Remainder of title Perspectives, Principles & Practice;
260 ## - PUBLICATION, DISTRIBUTION, ETC. (IMPRINT)
Place of publication, distribution, etc. England;
Name of publisher, distributor, etc. FT prentice Hall;
Date of publication, distribution, etc. 2008;
300 ## - PHYSICAL DESCRIPTION
Extent xii,417p;
Other physical details col,ill;
Dimensions 40cm
504 ## - BIBLIOGRAPHY, ETC. NOTE
Bibliography, etc Includes index and References
650 ## - SUBJECT ADDED ENTRY--TOPICAL TERM
Topical term or geographic name as entry element marketing;
9 (RLIN) 518
942 ## - ADDED ENTRY ELEMENTS (KOHA)
Source of classification or shelving scheme Dewey Decimal Classification
Koha item type Short Loan
Holdings
Withdrawn status Lost status Source of classification or shelving scheme Damaged status Not for loan Home library Current library Date acquired Inventory number Total Checkouts Full call number Barcode Date last seen Koha item type Source of acquisition
    Dewey Decimal Classification     MUST Main Library MUST Main Library 04/11/2015 08/30226   688.45; BLU,2008; 2015-2439 04/11/2015 Short Loan  
    Dewey Decimal Classification     MUST Main Library MUST Main Library 12/04/2016 08/30231   688.45; BLU,2008; 2016-0707 12/04/2016 Short Loan  
    Dewey Decimal Classification     MUST Main Library MUST Main Library 12/04/2016 06/27881   688.45; BLU,2008; 2016-0711 12/04/2016 Short Loan  
    Dewey Decimal Classification     MUST Main Library MUST Main Library 12/04/2016 06/27884   688.45; BLU,2008; 2016-0755 12/04/2016 Short Loan  
    Dewey Decimal Classification     MUST Main Library MUST Main Library 12/04/2016 06/27880   688.45; BLU,2008; 2016-0756 12/04/2016 Short Loan